Countries Canada Declared War On - Statistics

General Stats
  • This quiz has been taken 599 times
  • The average score is 5 of 6
Answer Stats
Year Country % Correct
1939 Nazi Germany
100%
1940 Fascist Italy
96%
1941 Imperial Japan
95%
1941 Romania
74%
1941 Hungary
70%
1941 Finland
45%
No matching quizzes found
Score Distribution
Percent of People with Each Score
Percentile by Number Answered
Your Score History
You have not taken this quiz